00523nam a2200157Ia 4500008004100000041000800041082001600049100001600065245004500081250001400126260004200140300002900182365001200211999001700223952012500240240624s9999 xx 000 0 und d aeng a371.102 ROG aROGERS BILL aBEHAVIOUR MANAGEMENT A WHOLE SCHOOL APPR a(2nd ed.) c2007aLondonbPaul Chapman Publishing ax, : 294 : p. : cm. ; 23 cGBPb28 c22492d22492 00104070aIMTNbIMTNcRack 16-Bd2014-03-24eRWg76.00o371.102 ROGp22492r2024-06-24 00:00:00t108.9w2024-06-24yBK